| 000 | 00357pam a2200157a 44500 | ||
|---|---|---|---|
| 008 | 230515b1982 xxu||||| |||| 00| 0 eng d | ||
| 020 | _aNULL | ||
| 041 | _aENGLISH | ||
| 082 | _a630 | ||
| 100 | _a1828-1975 | ||
| 245 | _aMETHOD FOR LOAD VERIFICATION OF TESTING MACHINES | ||
| 250 | _a0 | ||
| 260 |
_aDELHI _bISI _c1982 |
||
| 300 | _a13 | ||
| 650 | _aNULL | ||
| 999 |
_c651966 _d651966 |
||